zpět

Detail výsledku týmu

Music Bar Forea, Lanškroun

Datum a čas kvízu

25.5 Celkem bodů Celkový počet nahraných bodů na tomto kvízu bez doplňovacích otázek.
5. Pořadí na kvízu Konečné umístění týmu na tomto kvízu.

Zaznamenané odpovědi

# Otázka Odpověď Body Výsledky
1. Která česká zoologická zahrada... Zoo Plzeň 0
2. Na internetu se minulý týden o... A 0
3. Ve čtvrtek vyšel trailer na no... bude černobílá 0
4. Kterou americkou komunikační p... WhatsApp 0
5. Na sociálních sítích jste mohl... B) krasobruslení 1
6. Hned v úvodu bod rozdělíme: za... Ulánbátar; Altaj 1
7. Z následujících možností vyber... A 1
8. Jak se jmenuje hudební skupina... The Hu 0
9. Které náboženství je v Mongols... buddhismus 1
10. Do Mongolska zasadila děj svéh... babičce 0